Národné kultúrne pamiatky na Slovensku. Levoča

Gespeichert in:
Bibliographische Detailangaben
Weitere Verfasser: Urbanová, Norma (Zusammenstellung), Kosová, Barbora (Zusammenstellung), Szerdová-Veľasová, Ľubica (Zusammenstellung)
Format: Buch
Sprache:Slowakisch
Veröffentlicht: Bratislava : Pamiatkový úrad Slovenskej republiky : Slovart, 2016
Schlagworte:
Tags: Tag hinzufügen
Keine Tags, Fügen Sie das erste Tag hinzu!

MARC

LEADER 00000nam a22000003a 4500
001 0027110
005 20171018132325.3
008 130617s2012----------------------------d
020 |a 978-80-556-2449-5 
040 |a STU  |b slo 
041 0 |a slo 
044 |a xo 
245 |a Národné kultúrne pamiatky na Slovensku. Levoča 
260 |a Bratislava :  |b Pamiatkový úrad Slovenskej republiky :  |b Slovart,  |c 2016 
300 |a 680 s 
650 7 |a pamiatky architektonické  |2 stusub 
650 7 |a ochrana a obnova pamiatok  |2 stusub 
650 7 |a národné kultúrne pamiatky  |2 stusub 
650 7 |a súpis pamiatok  |2 stusub 
650 7 |a sakrálne pamiatky 
700 1 |a Urbanová, Norma  |4 com 
700 1 |a Kosová, Barbora  |r Z5  |4 com 
700 1 |a Szerdová-Veľasová, Ľubica  |r Z5  |4 com 
996 |b 284AU07082  |c A* 10313/U  |l AAKNST  |s P  |a 0  |w 0027110_0001 
996 |b 284AU10258  |c A* 13532/U  |l AAKNAR  |s A  |a 24  |w 0027110_0002